000 04665nam0a22006251 4500
001 RU\NLR\A1\25450
005 20260406154845.0
035 _a(NLR Aleph) 009679774
090 _a9697434
_c9697434
100 _a19990517d1783 m y0rusy50 ca
101 1 _arus
_cger
102 _aRU
135 _acrcn 024anaba
140 _aa a v liyaa0000
200 1 _aДух масонства.
_fНравоучительныя изтолковательныя речи Вильгелма Гучинсона.
_g[Пер. с нем.]
210 _a[Москва
_cТайная масон. тип.
_d1783]
215 _a[4], 276 с., 1 л. ил.
_d
300 _aПеред текстом заголовок: "Дух каменщичества"
300 _aОдна из первых кн., напеч. в тайной масон. тип. Была конфискована во время ареста Н. И. Новикова и в 1793 г. подверглась уничтожению по указу Екатерины II
316 _aЭкз. РНБ (18.330.77) в цельнокожаном картон. пер. На крышках пер. орнамент. рамки золотого тиснения. На нижней крышке пер. ярлык РНБ с шифром и штамп электр. б-ки. Корешок с золотым тиснением (позолота частично утрачена), верхний слой кожаного покрытия сильно затерт. На корешке золотом вытиснено: "Дух масонства", "М. О.", ниже бумажная наклейка с порядковым номером кн. на полке: "77". Обрез золотой. На форзаце ярлык-марка РНБ с шифром (перечеркнут), наклеенный поверх ярлыков со старыми шифрами, запись библиогр. х-ра: "библиографическая редкость [подпись]", на бумажном уголке пометы (шариковая ручка, карандаш). На нахзаце помета (карандаш). На с. 276 техн. пометы (чернила, карандаш). Пятна и загрязнения по всему кн. блоку. Размер: 16,5х10,5х2,5 см
_5NLR: 18.330.77
317 _aЭкз. ЗНБ СГУ из б-ки П. М. Мальцева
_5ЗНБ СГУ
321 1 _aСК XVIII 7944
325 1 _aКопия доступна в электронной библиотеке РНБ
327 0 _aПрибавление. Некоторые вопросы и ответы о масонском таинстве, писанныя самим Гейнрихом Шестым, и мною Иоганном Лейландом, антиквариусом, верно списанные по повелению его высочества (С.269-276)
514 1 _aДух каменщичества
620 _dМосква
700 1 _6z01790
_aХатчинсон
_bУ.
_f1732-1814
_gУильям
702 0 _8rus
_7ca
_aЕкатерина
_cимператрица российская
_dII
_f1729-1796
_3RU\NLR\AUTH\772098
_9112115
702 1 _aМальцев
_bП. М.
_gПаисий Михайлович
_4390
702 1 _aЛейланд
_bИ.
_gИоганн
702 0 _8rus
_7ca
_aГенрих
_cкороль английский
_dVI
_f1421-1471
_3RU\NLR\AUTH\7791419
_974346
702 1 _8rus
_7ca
_aНовиков
_bН. И.
_cиздатель
_f1744-1818
_gНиколай Иванович
_3RU\NLR\AUTH\772860
_9112867
712 0 2 _4610
_aТайная масонская типография
_cМосква
_3RU\NLR\AUTH\889930190
_9355939
790 0 _6z02702
_aHenry
_cкороль англ.
_dVI
_7ba
790 1 _6z01700
_aHutchinson
_bW.
_gWilliam
_7ba
790 1 _6z01700
_aГучинсон
_bВ.
_gВильгельм
801 0 _aRU
_bNLR
_c19990517
852 _aNLR
_j18.330.77
852 _aNLR
_jМф К1/22332
856 0 _uhttp://vivaldi.nlr.ru/bx000074854/view
856 1 _uhttp://vivaldi.nlr.ru/bx000074854/cover
856 2 _uhttp://vivaldi.nlr.ru/bx000074854/text
899 _aРГБ
899 _aБАН
899 _aЗНБ СГУ
899 _aМГУ
899 _aГПИБ
901 _eКнижные издания
942 _cBOOK
980 _aNB
980 9 _akprsl
980 _aA1XVIIIv
981 2 0 _a(20) Книжные памятники РНБ
_b(20) Русский книжный фонд